The Dark Net / (Record no. 595664)
[ view plain ]
| 000 -LEADER | |
|---|---|
| fixed length control field | 00569nam a22001577a 4500 |
| 020 ## - INTERNATIONAL STANDARD BOOK NUMBER | |
| International Standard Book Number | 9781612195216 |
| 040 ## - CATALOGING SOURCE | |
| Transcribing agency | 0 |
| 082 ## - DEWEY DECIMAL CLASSIFICATION NUMBER | |
| Classification number | 302.231,BAR |
| 100 ## - MAIN ENTRY--PERSONAL NAME | |
| Personal name | Bartlett, Jamie |
| 9 (RLIN) | 114297 |
| 245 ## - TITLE STATEMENT | |
| Title | The Dark Net / |
| Statement of responsibility, etc. | Jamie Bartlett |
| 260 ## - PUBLICATION, DISTRIBUTION, ETC. | |
| Place of publication, distribution, etc. | Melville House |
| Name of publisher, distributor, etc. | London |
| Date of publication, distribution, etc. | 2014 |
| 300 ## - PHYSICAL DESCRIPTION | |
| Extent | xii, 306 p |
| 505 ## - FORMATTED CONTENTS NOTE | |
| Formatted contents note | Unmasking the Trolls (Page-14), The Lone Wolf (Page-48), Into Galt's Gulch (Page-73), Three Clicks (Page-110), On the Road (Page-135), Lights, WebCamera Action (Page-166), The Werther Effect (Page-193). |
| 650 ## - SUBJECT ADDED ENTRY--TOPICAL TERM | |
| Topical term or geographic name entry element | Dark Net |
| 9 (RLIN) | 114298 |
| 942 ## - ADDED ENTRY ELEMENTS (KOHA) | |
| Source of classification or shelving scheme | |
| Koha item type | Book |
| Withdrawn status | Lost status | Source of classification or shelving scheme | Damaged status | Not for loan | Permanent Location | Current Location | Shelving location | Date acquired | Total Checkouts | Full call number | Barcode | Date last seen | Date last checked out | Price effective from | Koha item type | Public note |
|---|---|---|---|---|---|---|---|---|---|---|---|---|---|---|---|---|
| Military College of Signals (MCS) | Military College of Signals (MCS) | General Stacks | 08/30/2023 | 1 | 302.231,BAR | MCS38116 | 03/05/2025 | 02/19/2025 | 08/30/2023 | Book | Almirah No.49, Shelf No.1 |
